| 000 | 01143cam a22003014a 4500 | ||
|---|---|---|---|
| 001 | 47252 | ||
| 005 | 20230410101712.0 | ||
| 008 | 990524s1996 ht a c 000 0 fre | ||
| 010 | _a 99209085 | ||
| 035 | _a(OCoLC)ocm41833203 | ||
| 040 |
_aDLC _cDLC _dOCLCQ |
||
| 035 | _a(OCoLC)41833203 | ||
| 042 | _apcc | ||
| 050 | 1 | 4 |
_a110 ND 308 _bD249j 1996 |
| 100 | 1 | _aDavid, Charles-Anthony. | |
| 245 | 1 | 0 |
_aJean-Claude Legagneur / _climinaire de Syto Cave ; avant-propos de Gérald Alexis ; préface de Woolley Henriquez ; essai, L'autre regard de Charles-Anthony David ; textes de Charles-Anthony David, Roger Gaillard, Woolley Henriquez. |
| 260 |
_aPétion-Ville, Haèiti : _bGalerie Caraibe, Atelier Legagneur, _c[1996?] |
||
| 300 |
_a194 p. : _bcol. ill. ; _c25 x 32 cm. |
||
| 600 | 1 | 0 |
_aLegagneur, Jean-Claude, _d1947- _vCatalogs. |
| 600 | 1 | 0 |
_aLegagneur, Jean-Claude, _d1947- _xCriticism and interpretation. |
| 650 | 4 | _aCEH | |
| 650 | 4 | _aColección Estudios Haitianos | |
| 700 | 1 |
_aLegagneur, Jean-Claude, _d1947- |
|
| 700 | 1 | _aHenriquez, Woolley. | |
| 700 | 1 |
_aGaillard, Roger, _d1923- |
|
| 942 |
_2lcc _cbk |
||
| 994 |
_aC0 _bDRFGD |
||
| 999 |
_c12361 _d12361 |
||